000 01188nam a22002897a 4500
005 20240530110908.0
008 220303s2009 le g b 001 0 ara d
017 _bمصر. دار الكتب
020 _a9789953822747
040 _aEG-CaGPL
_cEG-CaGPL
082 0 4 _221
_a320.54/
_bف م
100 0 _aفدوى احمد محمود نصيرات
245 1 2 _aالمسيحيون العرب وفكرة القومية العربية فى بلاد الشام ومصر ( 1840 - 1918 ) /
_cفدوى احمد محمود نصيرات
250 _aط.1
260 _aبيروت :
_bمركز دراسات الوحدة العربية،
_c2009.
300 _a480 ص. ؛
_c24 سم.
490 0 _aسلسلة اطروحات الدكتوراه ؛
_v77.
504 _aيشتمل على ارجاعات ببليوجرافية
650 0 7 _2qrmak
_aالمسيحيون
_xالعالم العربى
650 0 7 _2qrmak
_aالوحدة العربية
650 0 7 _2qrmak
_aالقومية العربية
651 _2qrmak
653 0 _aالمسيحيون فى مصر
653 0 _aالمسيحيون فى بلاد الشام
942 _2ddc
_cBK
999 _c66254
_d66254